|
|
|
|
| LEADER |
00000nab a2200000 ar4500 |
| 001 |
vtls008963015 |
| 003 |
SK-MaSNL |
| 005 |
20260303070738.0 |
| 008 |
070411c20070330xo dr|p|||||||000 b|slo |
| 015 |
|
|
|a SNBRB2007/04
|2 snkbucl
|
| 038 |
|
|
|a SNKBUCL
|
| 040 |
|
|
|a SNKBUCL
|b slo
|c SNKBUCL
|e AACR2
|
| 041 |
|
|
|a slo
|
| 044 |
|
|
|a xo
|c SK
|
| 080 |
|
|
|a 821.162.4-32
|2 2001
|
| 100 |
1 |
|
|a Mičuch, Ján,
|d 1964-
|4 aut
|9 39136
|
| 245 |
1 |
0 |
|a Ako PhDr. Alfonz Halenár sledoval kŕmidlo pre sýkorky
|c Ján Mičuch
|
| 300 |
|
|
|b Fotogr.
|
| 650 |
0 |
7 |
|a satirické poviedky, slovenské
|2 snkbucl
|9 70029
|
| 773 |
0 |
|
|t Sme. Práca
|g Roč. 15, č. 75 (30.3.2007)
|x 1335-440X
|
| 773 |
0 |
|
|i Príl.:
|t Bratislava
|g (30.3.2007), s. 4
|
| 852 |
|
|
|a SNK
|b KIS3GCP
|
| 958 |
|
|
|a LV
|
| 999 |
|
|
|c 1756747
|d 1758677
|